000
002150000a22000970004500
100
1
_a
Newton, Jim
245
1
0
_a
The way ahead
300
_a
Núm 67 (1994), Páginas 4-7
773
0
_t
World Evangelization
942
_c
ANA
999
_c
57583
_d
57583